000 03268nab a2200253 i 4500
003 BR-BrBNA
005 20250909151703.0
008 250909b2021 bl.ar|pooa||| 00| 0 eng |
040 _aBR-BrBNA
_beng
072 _aF70
100 _aOliveira, Letícia das Graças Rosignoli de
100 _aGarcia, Flávia Cristina Pinto
245 _aSenna (Leguminosae-Caesalpinioideae) in Minas Gerais state, Brazil
500 _aPublicação on-line; 19 ref.; 1 table; 16 illus.; Summaries (En, Pt)
520 _a Abstract Senna comprises about 350 species worldwide, of which 80 species occur in Brazil. This work brings an update taxonomic treatment of Senna species in the state of Minas Gerais, the second most diverse state for the genus, through the morphological analysis of about 2,348 specimens from herbaria and fieldwork. Thirtysix species and 29 varieties were recognized, including 34 native species and 2 cultivated species. Of the 39 species reported in literature for the state, but 4 species were excluded from the list produced. The occurrence of Senna acuruensis was confirmed; S. macranthera var. striata and S. pilifera var. tubata are new records, and S. hirsuta var. acuminata is endemic to Minas Gerais. There are 28 species in the Cerrado, 26 species in the Atlantic Forest and 20 species in the Caatinga. The distribution of Senna pentagonia var. pentagonia is extended to include the Atlantic Forest. Identification keys, descriptions, illustrations, taxonomic comments and geographic distribution are provided for the species and varities. Key words: angyosperm, diversity, Fabaceae, floristic, taxonomy. Resumo Senna possui cerca de 350 espécies em todo o mundo, sendo 80 no Brasil. Este trabalho realizou o estudo taxonômico das espécies de Senna ocorrentes no estado de Minas Gerais, o segundo mais diverso para o gênero, através da análise morfológica de cerca de 2.348 espécimes depositados em herbários e de trabalhos de campo. Foram reconhecidas 36 espécies e 29 variedades, sendo 34 espécies nativas, duas cultivadas. Na literatura, 39 espécies haviam sido reportadas, mas 4 espécies foram excluídas da listagem produzida. A ocorrência de Senna acuruensis foi confirmada; S. macranthera var. striata e S. pilifera var. tubata são novos registros para o estado e S. hirsuta var. acuminata é endêmica de Minas Gearais. Ocorrem 28 spp. no Cerrado, 26 spp. na Mata Atlântica e 20 spp. na Caatinga. Senna pentagonia var. pentagonia teve sua ocorrência ampliada para a Mata Atlântica. São fornecidos chave de identificação, descrições, ilustrações, comentários taxonômicos e distribuição geográfica para as espécies e variedades. Palavras-chave: angiosperma, diversidade, Fabaceae, florística, taxonomia.
650 _aPLANTA ANGIOSPERMA
650 _aBIODIVERSIDADE
650 _aCOMPOSIÇÃO BOTÂNICA
650 _aTAXONOMIA
773 0 _0709
_9357347
_dRio de Janeiro-RJ Jardim Botanico do Rio de Janeiro 1935
_o2025-5311
_tRodriguésia (Brazil)
_x0370-6583; 2175-7860 on-line
_gv. 72 p. 1-57; (2021)
_wBR2025002250
856 _uhttps://www.scielo.br/j/rod/a/wLCmxXDrHhfppH8HxCvgYJC/?format=pdf&lang=en
942 _cANA
999 _c338085
_d338085